000 00588cam a22002293a 4500
001 8855
003 PGUSA
005 20140828083205.0
008 050901s2005||||xxu|||||s|||||000 | eng d
040 _aPGUSA
_beng
042 _adc
050 4 _aBF
100 1 _aHill, J. H.
245 1 0 _aAstral Worship
_h[electronic resource] /
_cJ. H. Hill
260 _bProject Gutenberg,
_c2005
506 _aPublic domain in the USA.
516 _aElectronic text
653 _aAstrology
830 0 _aProject Gutenberg
_v8855
856 4 0 _uhttp://www.gutenberg.org/ebooks/8855
942 _cEB
999 _c238139
_d238139